Animal Sight (Record no. 11726)

MARC details
000 -LEADER
fixed length control field 00263nam a22000977a 4500
008 - FIXED-LENGTH DATA ELEMENTS--GENERAL INFORMATION
fixed length control field 200113b ||||| |||| 00| 0 eng d
020 ## - INTERNATIONAL STANDARD BOOK NUMBER
International Standard Book Number 9780836874938
100 ## - MAIN ENTRY--PERSONAL NAME
Personal name Hall Kristen
9 (RLIN) 7415
245 ## - TITLE STATEMENT
Title Animal Sight
260 ## - PUBLICATION, DISTRIBUTION, ETC. (IMPRINT)
Place of publication, distribution, etc. Milwaukee
Name of publisher, distributor, etc. Gareth Stevens Publications
Date of publication, distribution, etc. 2006
Holdings
Withdrawn status Lost status Source of classification or shelving scheme Damaged status Koha normalized classification for sorting Not for loan Home library Current library Shelving location Date acquired Total Checkouts Full call number Barcode Date last seen Price effective from Koha item type
    Dewey Decimal Classification   573_000000000000000_JUNLIB   Good Samaritan School Library Good Samaritan School Library Biography 01/13/2020   573 JUNLIB HAL15778 01/13/2020 01/13/2020 BOOK

Powered by Koha